<?xml version="1.0" encoding="UTF-8"?>
<record
    xmlns:xsi="http://www.w3.org/2001/XMLSchema-instance"
    xsi:schemaLocation="http://www.loc.gov/MARC21/slim http://www.loc.gov/standards/marcxml/schema/MARC21slim.xsd"
    xmlns="http://www.loc.gov/MARC21/slim">

  <leader>00788na  a2200253   4500</leader>
  <controlfield tag="001">22403</controlfield>
  <controlfield tag="003">MIRAKIL</controlfield>
  <controlfield tag="005">20181213155252.0</controlfield>
  <controlfield tag="008">170213b        tu            000 0      </controlfield>
  <datafield tag="035" ind1=" " ind2=" ">
    <subfield code="a">22403</subfield>
  </datafield>
  <datafield tag="040" ind1=" " ind2=" ">
    <subfield code="a">Milas</subfield>
    <subfield code="b">tur</subfield>
    <subfield code="c">TR-AnCHP</subfield>
  </datafield>
  <datafield tag="041" ind1=" " ind2=" ">
    <subfield code="a">tur</subfield>
  </datafield>
  <datafield tag="090" ind1=" " ind2=" ">
    <subfield code="a">SHP 26</subfield>
  </datafield>
  <datafield tag="110" ind1=" " ind2=" ">
    <subfield code="a">Sosyaldemokrat Halk&#xE7;&#x131; Parti (SHP)</subfield>
  </datafield>
  <datafield tag="245" ind1=" " ind2=" ">
    <subfield code="a">Yenilik&#xE7;i Platform Kurultay B&#xFC;lteni</subfield>
    <subfield code="c">Sosyaldemokrat Halk&#xE7;&#x131; Parti </subfield>
  </datafield>
  <datafield tag="260" ind1=" " ind2=" ">
    <subfield code="a">&#x130;stanbul</subfield>
    <subfield code="b">[yayl. y.]</subfield>
    <subfield code="c">1993</subfield>
    <subfield code="f">SHP</subfield>
  </datafield>
  <datafield tag="300" ind1=" " ind2=" ">
    <subfield code="a">4</subfield>
    <subfield code="c">21 sm.</subfield>
  </datafield>
  <datafield tag="610" ind1=" " ind2=" ">
    <subfield code="a">Kurultaylar</subfield>
    <subfield code="x">Konu&#x15F;malar</subfield>
  </datafield>
  <datafield tag="610" ind1=" " ind2=" ">
    <subfield code="a">Sosyaldemokrat Halk&#xE7;&#x131; Parti (SHP)</subfield>
    <subfield code="x">S&#xF6;ylev ve deme&#xE7;ler</subfield>
    <subfield code="z">T&#xFC;rkiye</subfield>
  </datafield>
  <datafield tag="610" ind1=" " ind2=" ">
    <subfield code="a">Sosyaldemokrat Halk&#xE7;&#x131; Parti (SHP)</subfield>
    <subfield code="x">Konu&#x15F;malar</subfield>
    <subfield code="z">T&#xFC;rkiye</subfield>
  </datafield>
  <datafield tag="830" ind1=" " ind2=" ">
    <subfield code="a">Sosyaldemokrat Halk&#xE7;&#x131; Parti (SHP)</subfield>
  </datafield>
  <datafield tag="942" ind1=" " ind2=" ">
    <subfield code="2">ddc</subfield>
    <subfield code="c">BKS</subfield>
  </datafield>
  <datafield tag="952" ind1=" " ind2=" ">
    <subfield code="5">1</subfield>
    <subfield code="a">0001</subfield>
    <subfield code="b">0001</subfield>
    <subfield code="d">2017-02-13</subfield>
    <subfield code="e">2</subfield>
    <subfield code="f"> SHP</subfield>
    <subfield code="h">c.5</subfield>
    <subfield code="l">0</subfield>
    <subfield code="o">SHP 26</subfield>
    <subfield code="p">014237</subfield>
    <subfield code="r">2017-02-13 00:00:00</subfield>
    <subfield code="v">0.00</subfield>
    <subfield code="w">2017-02-13</subfield>
    <subfield code="y">BKS</subfield>
  </datafield>
  <datafield tag="999" ind1=" " ind2=" ">
    <subfield code="c">9593</subfield>
    <subfield code="d">9593</subfield>
  </datafield>
</record>
